|
|
|
|
| LEADER |
00000nab a2200000 a 4500 |
| 001 |
vtls008901789 |
| 003 |
SK-MaSNL |
| 005 |
20260304144928.0 |
| 008 |
250505c2006 xo |||||||||||000 b|slo |
| 015 |
|
|
|a SNBRB2006/12
|2 snkbucl
|
| 035 |
|
|
|a (uuid)e7168ef6-9d8a-4d50-bbd9-f7129f078ec6
|
| 035 |
|
|
|a urn:nbn:sk:snk-abz02
|
| 035 |
|
|
|a (urnnbn)urn:nbn:sk:snk:ar-a03uk7
|
| 038 |
|
|
|a SNKBUCL
|
| 040 |
|
|
|a SNKBUCL
|b slo
|c SNKBUCL
|e AACR2
|
| 041 |
0 |
|
|a eng
|
| 044 |
|
|
|a xo
|c SK
|
| 080 |
|
|
|a 628.8:691
|2 1997
|
| 080 |
|
|
|a 691
|2 1997
|
| 080 |
|
|
|a 697
|2 1997
|
| 100 |
1 |
|
|a Koronthályová, Oľga
|4 aut
|9 5316
|
| 245 |
1 |
4 |
|a The influence of ventilation regime on moisture buffer effect of hygroscopic materials
|c Olga Koronthalyova
|
| 300 |
|
|
|b Grafy, tab.
|
| 504 |
|
|
|a Bibliogr. odkazy
|
| 546 |
|
|
|a Res. angl.
|
| 650 |
0 |
7 |
|a hygroskopické stavebné materiály
|2 snkbucl
|9 1457770
|
| 650 |
0 |
7 |
|a vlhkosť
|2 snkbucl
|9 13483
|
| 650 |
0 |
7 |
|a vetranie
|2 snkbucl
|9 277746
|
| 650 |
0 |
7 |
|a vnútorná klíma
|2 snkbucl
|9 1071106
|
| 773 |
0 |
|
|t Building research journal
|g Vol. 54, no. 2 (2006), p. 67-77
|x 1335-8863
|
| 850 |
|
|
|a Slovenská národná knižnica
|
| 852 |
|
|
|a Slovenská národná knižnica
|
| 958 |
|
|
|a article27
|
| 958 |
|
|
|a NB
|
| 958 |
|
|
|a OND
|
| 958 |
|
|
|a EUIPO
|
| 999 |
|
|
|c 2933921
|d 2935851
|